Locally available admixtures for concrete structures (Record no. 553721)
[ view plain ]
| 000 -LEADER | |
|---|---|
| fixed length control field | 00382nam a22001337a 4500 |
| 082 ## - DEWEY DECIMAL CLASSIFICATION NUMBER | |
| Classification number | P707 |
| 100 ## - MAIN ENTRY--PERSONAL NAME | |
| Personal name | Waqas Ovais Qureshi syn#15 |
| 9 (RLIN) | 50982 |
| 245 ## - TITLE STATEMENT | |
| Title | Locally available admixtures for concrete structures |
| 260 ## - PUBLICATION, DISTRIBUTION, ETC. | |
| Place of publication, distribution, etc. | Risalpur, |
| Name of publisher, distributor, etc. | MCE, |
| Date of publication, distribution, etc. | 2005. |
| 300 ## - PHYSICAL DESCRIPTION | |
| Extent | 69p. |
| Dimensions | 26cm. |
| 526 ## - STUDY PROGRAM INFORMATION NOTE | |
| Program name | 0 |
| Interest level | 0 |
| Reading level | 0 |
| Title point value | P_000000000000000_707 |
| 700 ## - ADDED ENTRY--PERSONAL NAME | |
| Personal name | Awais Jamil Chaudhary |
| 9 (RLIN) | 50983 |
| 942 ## - ADDED ENTRY ELEMENTS (KOHA) | |
| Source of classification or shelving scheme | |
| Koha item type | Book |
| Withdrawn status | Lost status | Source of classification or shelving scheme | Damaged status | Not for loan | Permanent Location | Current Location | Date acquired | Total Checkouts | Full call number | Barcode | Date last seen | Price effective from | Koha item type |
|---|---|---|---|---|---|---|---|---|---|---|---|---|---|
| Military College of Engineering (MCE) | Military College of Engineering (MCE) | 07/25/2016 | P707 | MCE-P707 | 07/25/2016 | 07/25/2016 | Book |
